Statistics for Lord of the Rings Geography

Click here to take the quiz!

General Stats

  • This quiz has been taken 621 times
    (602 since last reset)
  • The average score is 13 of 15

Answer Stats

Hint Answer % Correct
Where Hobbits liveThe Shire
100%
Region that Théoden rulesRohan
97%
The mine in which Balin is BuriedMoria
97%
Volcano where the Ring must be taken to be destroyedMount Doom
95%
Where Elrond LivesRivendell
93%
Where Saruman livesIsengard
92%
Where the Prancing Pony Pub isBree
92%
Where Aragorn gets crownedMinas Tirith
89%
The forest where the Ents liveFangorn Forest
88%
Where Orcs and Uruks liveMordor
88%
The Elvish Kingdom ruled by Galadriel and CelebornLothlórien
87%
Forest of the Woodland ElvesMirkwood Forest
83%
Where 300 beat 10,000Helms Deep
79%
Ruins where Faramir tried to defendOsgiliath
76%
Capital of the aboveEdoras
66%

Score Distribution

Percentile by Number Answered

Percent of People with Each Score

Your Score History

You have not taken this quiz since the last reset